| 000 | 00609nam a2200217 a 4500 | ||
|---|---|---|---|
| 001 | 19544 | ||
| 003 | CO-ViMGA | ||
| 008 | 141112s2004 ck r 000 u spa d | ||
| 020 | _a8440698208 | ||
| 040 |
_aCO-ViMGA _bspa _cCO-ViMGA |
||
| 082 | 0 | 4 | _a616.39 C056o |
| 100 | 1 |
_aCompston, Juliet _928219 |
|
| 245 | 1 | 0 | _aLa Osteoporosis |
| 260 |
_aBarcelona : _bEdiciones B, _cGrupo Z; 1999 |
||
| 300 | _a96 p. | ||
| 490 | _aGuías medicas, Salud y Bienestar | ||
| 590 | _aForma de adquisición : Premio Mincultura | ||
| 650 | 1 | 4 |
_aHUESOS - ENFERMEDADES _928220 |
| 650 | 1 | 4 |
_aOSTEOPOROSIS _951794 |
| 942 |
_2ddc _cBK |
||
| 999 |
_c28684 _d28684 |
||